LEADER 01704oam 2200469zu 450 001 996203435603316 005 20210807000230.0 010 $a1-5386-0071-4 035 $a(CKB)1000000000022755 035 $a(SSID)ssj0000393616 035 $a(PQKBManifestationID)12109642 035 $a(PQKBTitleCode)TC0000393616 035 $a(PQKBWorkID)10380134 035 $a(PQKB)11756541 035 $a(EXLCZ)991000000000022755 100 $a20160829d2005 uy 101 0 $aeng 181 $ctxt 182 $cc 183 $acr 200 10$aBMAS 2005 : proceedings of the 2005 IEEE International Behavioral Modeling and Simulation Workshop : [Doubletree Hotel] San Jose, California, September 22-23, 2005 210 31$a[Place of publication not identified]$cIEEE$d2005 300 $aBibliographic Level Mode of Issuance: Monograph 311 $a0-7803-9352-X 606 $aComputer simulation$vCongresses 606 $aSimulation methods$vCongresses 606 $aEngineering & Applied Sciences$2HILCC 606 $aComputer Science$2HILCC 615 0$aComputer simulation 615 0$aSimulation methods 615 7$aEngineering & Applied Sciences 615 7$aComputer Science 676 $a001.4/34 712 02$aSynopsys (Firm) 712 02$aIEEE Circuits and Systems Society 712 02$aCadence Design Systems (Firm) 712 12$aIEEE International Workshop on Behavioral Modeling and Simulation 801 0$bPQKB 906 $aPROCEEDING 912 $a996203435603316 996 $aBMAS 2005 : proceedings of the 2005 IEEE International Behavioral Modeling and Simulation Workshop : San Jose, California, September 22-23, 2005$92511461 997 $aUNISA LEADER 01535nam 2200385 n 450 001 996391873003316 005 20221107222623.0 035 $a(CKB)4940000000108627 035 $a(EEBO)2240914089 035 $a(UnM)99863761 035 $a(EXLCZ)994940000000108627 100 $a19930623d1656 uy | 101 0 $aeng 135 $aurbn||||a|bb| 200 10$aPeripateticall institutions$b[electronic resource] $eIn the way of that eminent person and excellent philosopher Sr. Kenelm Digby. The theoricall part. Also a theologicall appendix of the beginning of the world. /$fBy Thomas White Gent 210 $aLondon, $cPrinted by R.D. and are to be sold by John Williams at the sign of the Crown in S. Paul's Church-yard.$dM.DC.LVI. [1656] 215 $a[24], 430 p 300 $aA translation of: Institutionum peripateticarum. 300 $a"A theologicall appendix, of the beginning of the world" has separate dated title page; pagination and register are continuous. 300 $aAnnotation on Thomason copy: "March 30". 300 $aReproduction of the original in the British Library. 330 $aeebo-0018 606 $aPhilosophy$vEarly works to 1800 606 $aPhysics$vEarly works to 1800 615 0$aPhilosophy 615 0$aPhysics 700 $aWhite$b Thomas$f1593-1676.$0793401 801 0$bCu-RivES 801 1$bCu-RivES 801 2$bCStRLIN 801 2$bWaOLN 906 $aBOOK 912 $a996391873003316 996 $aPeripateticall institutions$92405252 997 $aUNISA LEADER 02997 am 2200601 n 450 001 9910416524603321 005 20200416 010 $a2-84832-455-4 024 7 $a10.4000/books.apu.16073 035 $a(CKB)4100000011314343 035 $a(FrMaCLE)OB-apu-16073 035 $a(oapen)https://directory.doabooks.org/handle/20.500.12854/52897 035 $a(PPN)248499645 035 $a(EXLCZ)994100000011314343 100 $a20200624j|||||||| ||| 0 101 0 $afre 135 $auu||||||m|||| 181 $ctxt$2rdacontent 182 $cc$2rdamedia 183 $acr$2rdacarrier 200 10$aMaurice Carême. « Comme une boule de cristal? » Entre poésie savante et chanson populaire $eTextes et contextes /$fBrigitte Buffard-Moret, Jean Cléder 210 $aArras $cArtois Presses Université$d2020 215 $a1 online resource (266 p.) 311 $a2-84832-163-6 330 $a« Je voudrais que ma poésie soit comme une boule de cristal dont on ne verrait plus que la clarté. J?écris pour que même la plus humble des servantes me comprenne » : c?est le souhait que fait Maurice Carême dans une lettre écrite à Jeannine Burny, la femme qui fut le grand amour de sa vie, qui l?a inspiré, a collaboré avec lui et veille sur son ?uvre depuis sa disparition. Une boule de cristal est un objet qui paraît d?une limpidité toute simple. Mais que de travail pour parvenir à ce résultat... Pour qualifier la poésie de Maurice Carême, on a souvent employé les termes de simplicité, de naïveté. Mais simplicité n?est pas simplisme et, à travers cette étude et les entretiens avec Jeannine Burny, on découvrira que Maurice Carême a su puiser à la fois à la source de la chanson populaire et à celle de la poésie savante. Un grand choix de poèmes, dont une section de 32 inédits, ponctue cette analyse de l??uvre, et des photographies de la « Maison blanche » de Maurice Carême permettront de comprendre combien l?art du poète était indissociable de son art de vivre. 517 $aMaurice Carême. « Comme une boule de cristal? » Entre poésie savante et chanson populaire 606 $aPoetry 606 $amusique 606 $ainterprétation 606 $alittérature 606 $acritique 606 $apoésie 606 $apoésie savante 610 $apoésie 610 $amusique 610 $ainterprétation 610 $alittérature 610 $acritique 610 $apoésie savante 615 4$aPoetry 615 4$amusique 615 4$ainterprétation 615 4$alittérature 615 4$acritique 615 4$apoésie 615 4$apoésie savante 700 $aBuffard-Moret$b Brigitte$0617382 701 $aCléder$b Jean$0785407 801 0$bFR-FrMaCLE 906 $aBOOK 912 $a9910416524603321 996 $aMaurice Carême. « Comme une boule de cristal? » Entre poésie savante et chanson populaire$93032764 997 $aUNINA